书目信息 |
| 题名: |
基础化学工程
|
|
| 作者: | ;上海化工学院 编 | |
| 分册: | 中册 | |
| 出版信息: | 上海 上海科学技术出版社 1978 |
|
| 页数: | 252页 | |
| 开本: | 26cm | |
| 丛书名: | ||
| 单 册: | ||
| 中图分类: | TQ06 | |
| 科图分类: | ||
| 主题词: | 化工过程:生产过程 , 化工产品--后处理 , 化工产品--包装 | |
| 电子资源: | ||
| ISBN: | ||
| 000 | 00673nam0 2200241 45 | |
| 001 | 0178001859 | |
| 005 | 20041224113317.1 | |
| 010 | @dCNY1.65 | |
| 091 | @a15119.1915 | |
| 100 | @a19950728d1978 em y0chiy0121 ea | |
| 101 | 0 | @achi |
| 102 | @aCN@b310000 | |
| 105 | @ay z 000yy | |
| 200 | 10 | @a基础化学工程@Aji chu hua xue gong cheng@h中册@f上海化工学院编@FShang Hai Hua Gong Xue Yuan Bian |
| 210 | @a上海@c上海科学技术出版社@d1978 | |
| 215 | @a252页@d26cm | |
| 606 | 0 | @a化工过程:生产过程 |
| 606 | 0 | @a化工产品@x后处理 |
| 606 | 0 | @a化工产品@x包装 |
| 690 | @aTQ06@v3 | |
| 711 | 02 | @a上海化工学院@4编 |
| 801 | 0 | @aCN@bNLC@c20041224 |
| 905 | @f1@b73452@dTQ06@e13:2 | |
| 基础化学工程.中册/上海化工学院编.-上海:上海科学技术出版社,1978 |
| 252页;26cm |
| ISBN :CNY1.65 |
| ● |
| 相关链接 |
|
|
|
|
正题名:基础化学工程
索取号:TQ06/13:2
 
预约/预借
| 序号 | 登录号 | 条形码 | 馆藏地/架位号 | 状态 | 备注 |
| 1 | 0073452 | 001645456 | 第三借阅区/ [索取号:TQ06/13:2] | 在馆 |